Quiz Carte Amérique du Nord et Centrale - Statistiques

Statistiques générales
  • Ce quiz a été pris 265 fois
  • Le résultat moyen est 15 sur 23
Réponses sur la Carte
Les réponses sont colorées sur une échelle allant du rouge au vert en fonction du pourcentage des utilisateurs qui les ont devinées à leur premier essai. Vous pouvez retrouver ces pourcentages ci-dessous.
 
Statistiques - réponses
Réponse % Correct
Canada
98%
États-Unis
90%
Mexique
87%
Cuba
80%
Haïti
79%
Panama
79%
Belize
77%
Costa Rica
77%
Bahamas
75%
Guatemala
73%
Jamaïque
70%
Honduras
69%
République dominicaine
67%
Salvador
67%
Nicaragua
66%
Trinité-et-Tobago
55%
Sainte-Lucie
50%
Barbade
49%
Grenade
46%
Antigua-et-Barbuda
45%
Saint-Vincent-et-les-
Grenadines
45%
Dominique
44%
Saint-Christophe-et-Niévès
44%
Aucun quiz correspondant
Distribution des résultats
% des personnes avec chaque résultat
Percentile par nombre de réponses
Votre historique - résultats
Vous n’avez pas pris ce quiz